Harnessing markets for biodiversity towards conservation and sustainable use

Salvato in:
Dettagli Bibliografici
Natura: Libro
Lingua:inglese
Pubblicazione: Paris OECD 2003
Soggetti:
Tags: Aggiungi Tag
Nessun Tag, puoi essere il primo ad aggiungerne!!

MARC

LEADER 00000nam$a2200000$$$4500
001 0021900
005 20240315120716.5
020 |a 92-64-09922-0 
041 0 |a eng 
044 |a FR 
245 1 0 |a Harnessing markets for biodiversity  |b towards conservation and sustainable use 
264 1 |a Paris  |b OECD  |c 2003 
300 |a 137 s. 
610 2 0 |a bioprodukty 
610 2 0 |a trh 
610 2 0 |a poľnohospodárstvo 
610 2 0 |a potraviny modifikované geneticky 
610 2 0 |a ekológia 
610 2 0 |a ochrana prostredia životného 
610 2 0 |a diverzita biologická 
610 2 0 |a OECD